000
00268nam a22001217a 4500
020
_a
0-19-577257-1
082
_a
954.92 SAL'W
100
_a
SALIK, SADDIQ
_9
77342
245
_a
WITNESS TO SURRENDER
260
_a
NEWYORK
_b
OXFORD
_c
1977
300
_a
245P
942
_c
BK
999
_c
582627
_d
582627